Семь лекций по вычислительной математике

Xehetasun bibliografikoak
Egile nagusia: Шноль Э. Э. Эммануил Эльевич
Gaia:Предмет этих лекций — первоначальное знакомство с вычислительной математикой. Они рассчитаны на широкий круг читателей, не специализирующихся в этой области. Студентам, обучающимся по специальностям «Математика», «Прикладная математика», «Физика», и лицам, преподающим вычислительную математику, могут быть интересны отдельные замечания, сделанные в лекциях 1-3 и 7.
Hizkuntza:errusiera
Argitaratua: Москва, Изд-во ЛКИ, 2008
Edizioa:3-е изд., доп.
Gaiak:
Formatua: Liburua
KOHA link:https://koha.lib.tpu.ru/cgi-bin/koha/opac-detail.pl?biblionumber=140756

MARC

LEADER 00000nam0a2200000 4500
001 140756
005 20231101220855.0
010 |a 9785382003788 
035 |a (RuTPU)RU\TPU\book\152504 
090 |a 140756 
100 |a 20080708d2008 m y0rusy50 ca 
101 0 |a rus 
102 |a RU 
105 |a a j 001zy 
200 1 |a Семь лекций по вычислительной математике  |f Э. Э. Шноль 
205 |a 3-е изд., доп. 
210 |a Москва  |c Изд-во ЛКИ  |d 2008 
215 |a 112 с.  |c ил. 
320 |a Библиография: с. 104. 
330 |a Предмет этих лекций — первоначальное знакомство с вычислительной математикой. Они рассчитаны на широкий круг читателей, не специализирующихся в этой области. Студентам, обучающимся по специальностям «Математика», «Прикладная математика», «Физика», и лицам, преподающим вычислительную математику, могут быть интересны отдельные замечания, сделанные в лекциях 1-3 и 7. 
606 1 |a Вычислительная математика  |2 stltpush  |3 (RuTPU)RU\TPU\subj\4022  |9 32338 
610 1 |a учебные пособия 
610 1 |a лекции 
610 1 |a обыкновенные дифференциальные уравнения 
610 1 |a задача Коши 
610 1 |a системы линейных уравнений 
610 1 |a метод исключения 
610 1 |a нелинейные уравнения 
610 1 |a метод последовательных приближений 
610 1 |a дифференцирование 
610 1 |a интегрирование 
610 1 |a разностные аппроксимации 
610 1 |a уравнения в частных производных 
610 1 |a краевые задачи 
610 1 |a математика 
675 |a 519.6(075.8)  |v 3 
700 1 |a Шноль  |b Э. Э.  |g Эммануил Эльевич 
801 1 |a RU  |b 63413507  |c 20080708  |g PSBO 
801 2 |a RU  |b 63413507  |c 20150508  |g PSBO 
900 |a Вычислительная математика 
942 |c BK 
959 |a 69/20080701  |d 2  |e 80,00  |f АНЛ:1  |f ЧЗТЛ:1